Análisis y rediseño del proceso de construcción desarrollado por FUPROVI
保存先:
| 第一著者: | |
|---|---|
| その他の著者: | |
| フォーマット: | 図書 |
| 出版事項: |
San José, C.R.
2002
|
| 主題: | |
| タグ: |
タグ追加
タグなし, このレコードへの初めてのタグを付けませんか!
|
MARC
| LEADER | 00000nam a2200000Ia 4500 | ||
|---|---|---|---|
| 003 | 008987 | ||
| 005 | 20221231144152.0 | ||
| 008 | 140114s2002 cr a m 000 ||s d | ||
| 040 | |c cru CEDI | ||
| 090 | |a TFG 4548 | ||
| 100 | |a Montenegro Castillo,Eduardo |9 7259 | ||
| 245 | |a Análisis y rediseño del proceso de construcción desarrollado por FUPROVI | ||
| 260 | |c 2002 |a San José, C.R. | ||
| 300 | |a ix, 155 hojas, [200] hojas : ilustraciones | ||
| 500 | |a Tesis (licenciatura en ingeniería industrial)--Universidad de Costa Rica. Facultad de Ingeniería. Escuela de Ingeniería Industrial | ||
| 650 | |x FUNDACION PROMOTORA DE VIVIENDA (COSTA RICA) |x TECNICAS |x CONSTRUCCION |x CONTRATOS Y ESPECIFICACIONES |x METODOS GRAFICOS |x COSTA RICA |x CONSTRUCCION DE VIVIENDAS |x BASES DE DATOS LinkANALISIS DE SISTEMAS |9 7262 | ||
| 700 | |9 7261 |a Varela Fallas, Juan Carlos | ||
| 942 | |c TFG | ||
| 999 | |c 17893 |d 17893 | ||
